Confiabilidad de una red de energia electrica para un usuario industrial
Salvato in:
| Autore principale: | |
|---|---|
| Natura: | Tesi Libro |
| Lingua: | Undetermined |
| Pubblicazione: |
2009
|
| Soggetti: | |
| Tags: |
Aggiungi Tag
Nessun Tag, puoi essere il primo ad aggiungerne!!
|
MARC
| LEADER | 00000nam a2200000Ia 4500 | ||
|---|---|---|---|
| 001 | 10504 | ||
| 008 | 140114s9999 xx 000 0 und d | ||
| 100 | |a Mendez Rodriguez, Christian | ||
| 245 | |a Confiabilidad de una red de energia electrica para un usuario industrial | ||
| 260 | |c 2009 | ||
| 500 | |a NULL | ||
| 502 | |a Escuela de ingenieria Electrica | ||
| 650 | |z REDES ELECTRICA | ||
| 999 | |c 13014 |d 13014 | ||
